Capital Aleatória por Estado Brasileiro - Statistics

Estatísticas Gerais
  • Esse quiz foi jogado 11 508 vezes
  • A pontuação média é 9 de 10
Estatísticas das Respostas
Estado Capital % Correto
Rio de Janeiro Rio de Janeiro
98%
São Paulo São Paulo
97%
Minas Gerais Belo Horizonte
96%
Distrito Federal Brasília
96%
Bahia Salvador
96%
Goiás Goiânia
94%
Amazonas Manaus
93%
Santa Catarina Florianópolis
90%
Espírito Santo Vitória
90%
Paraná Curitiba
89%
Tocantins Palmas
89%
Acre Rio Branco
89%
Pará Belém
88%
Ceará Fortaleza
88%
Rio Grande do Norte Natal
88%
Rio Grande do Sul Porto Alegre
88%
Amapá Macapá
86%
Mato Grosso Cuiabá
82%
Pernambuco Recife
82%
Maranhão São Luís
81%
Paraíba João Pessoa
79%
Mato Grosso do Sul Campo Grande
77%
Piauí Teresina
77%
Alagoas Maceió
76%
Rondônia Porto Velho
76%
Sergipe Aracaju
72%
Roraima Boa Vista
66%
Nenhum quiz correspondente encontrado
Distribuição das Pontuações
Porcentagem de Pessoas com Cada Pontuação
Percentil de Números Respondidos
Sua Pontuação Histórica
Você não jogou esse quiz